Počítačová simulácia priebehu požiarov a analýza ich dôsledkov
Guardado en:
| Autor principal: | |
|---|---|
| Otros Autores: | |
| Formato: | Manuscrito Libro |
| Lenguaje: | eslovaco |
| Publicado: |
2017
|
| Materias: | |
| Acceso en línea: | http://is.stuba.sk/zp/portal_zp.pl?podrobnosti=111988 |
| Etiquetas: |
Sin Etiquetas, Sea el primero en etiquetar este registro!
|
MARC
| LEADER | 00000ntm a22000003a 4500 | ||
|---|---|---|---|
| 001 | stuzp42720 | ||
| 003 | SK-STU | ||
| 005 | 20180423132823.7 | ||
| 007 | ta | ||
| 008 | 150427s2015----xo-----f-mn---000-0-slo-d | ||
| 040 | |a STU |b slo | ||
| 041 | 0 | |a slo | |
| 100 | 1 | |a Valášek, Lukáš |u 070000 |k Z3 |4 aut |T FIIT Fakulta informatiky a informačných technológií |X 39173 |U I |Y 70 |7 A000039173 | |
| 242 | 0 | 1 | |a Computer simulation of course of fires and their consequences |y eng |
| 245 | 1 | 0 | |a Počítačová simulácia priebehu požiarov a analýza ich dôsledkov |
| 260 | |c 2017 | ||
| 650 | 4 | |a programový systém FDS |2 slo | |
| 650 | 4 | |a počítačová simulácia požiarov |2 slo | |
| 650 | 4 | |a klaster počítačov |2 slo | |
| 650 | 4 | |a MPI |2 slo | |
| 650 | 4 | |a vysokovýkonné počítanie |2 slo | |
| 650 | 4 | |a spúšťací skript |2 slo | |
| 650 | 4 | |a computer simulation of fires |2 eng | |
| 650 | 4 | |a FDS system |2 eng | |
| 650 | 4 | |a MPI |2 eng | |
| 650 | 4 | |a high performance computing |2 eng | |
| 650 | 4 | |a shell script |2 eng | |
| 650 | 4 | |a cluster of computers |2 eng | |
| 700 | 1 | |a Glasa, Ján |4 ths |X 46318 |7 A000046318 | |
| 856 | 4 | |u http://is.stuba.sk/zp/portal_zp.pl?podrobnosti=111988 | |
| 996 | |b 11085 |c I* DIZ5/16 |l II680 |s P |a 0 |w stuzp42720_0001 | ||